Kompletní průvodce obchodováním komodít

Na minha lista:
Detalhes bibliográficos
Autor principal: Williams, Larry
Formato: Livro
Idioma:tcheco
Publicado em: Praha Centrum finančního vzdělávání 2008
Colecção:Finančník
Assuntos:
Tags: Adicionar Tag
Sem tags, seja o primeiro a adicionar uma tag!

MARC

LEADER 00000nam$a2200000$$$4500
001 0073970
005 20231215114834.8
020 |a 978-80-903874-2-3 
041 0 |a cze 
044 |a CZ 
245 1 0 |a Kompletní průvodce obchodováním komodít  |c Larry Williams 
264 1 |a Praha  |b Centrum finančního vzdělávání  |c 2008 
300 |a 277 s. 
490 1 |a Finančník 
830 0 |a Finančník 
610 2 0 |a komodity 
610 2 0 |a burzy komoditné 
610 2 0 |a akcie 
610 2 0 |a makléri 
100 1 |a Williams, Larry